[Event "Druga liga Srbije grupa Vojvodina 2015"]
[Site "Novi Sad"]
[Date "2015.11.13"]
[Round "4"]
[Board "4"]
[White "Tomic, Vjekoslav"]
[Black "Krejic, Igor"]
[Result "1-0"]
[WhiteElo "2232"]
[BlackElo "2226"]
[PlyCount "87"]
[EventDate "2015.11.10"]
[EventType "team"]
[EventRounds "9"]
[EventCountry "SRB"]
[WhiteTeam "Hajduk 1973 Beska"]
[BlackTeam "Vojvodina Novi Sad"]

1. e4 e5 2. Nf3 Nf6 3. Nxe5 d6 4. Nf3 Nxe4 5. d3 Nf6 6. d4 d5 7. Bd3 Be7 8. Ne5
O-O 9. O-O Nbd7 10. Re1 Re8 11. Bf4 Nf8 12. Nd2 Ne6 13. Be3 c5 14. c3 Qb6 15.
Rb1 Qa5 16. a3 Qc7 17. Ndf3 Ne4 18. Nd2 f6 19. Qh5 g6 20. Nxg6 hxg6 21. Qxg6+
Ng7 22. Bh6 Bf8 23. Nxe4 Rxe4 24. Bxe4 dxe4 25. Bxg7 Qxg7 26. Qxe4 Bg4 27. dxc5
Rd8 28. h3 Bh5 29. Re3 Bg6 30. Qc4+ Qf7 31. Qg4 Kh7 32. Rbe1 Bxc5 33. Re6 Rd7
34. Qh4+ Kg7 35. b4 Bf8 36. Qg3 Kh7 37. c4 Bh6 38. Qf3 Kg7 39. c5 Bg5 40. b5 f5
41. c6 bxc6 42. bxc6 Rd2 43. Qc3+ Kh6 44. c7 1-0

[Event "Druga liga Srbije grupa Vojvodina 2015"]
[Site "Novi Sad"]
[Date "2015.11.13"]
[Round "4"]
[Board "5"]
[White "Djacanin, Goran"]
[Black "Curakovic, Dragan"]
[Result "0-1"]
[WhiteElo "2178"]
[BlackElo "2113"]
[PlyCount "108"]
[EventDate "2015.11.10"]
[EventType "team"]
[EventRounds "9"]
[EventCountry "SRB"]
[WhiteTeam "Vojvodina Novi Sad"]
[BlackTeam "Hajduk 1973 Beska"]

1. e4 c5 2. Nc3 d6 3. f4 Nc6 4. Nf3 g6 5. Bc4 Bg7 6. f5 Nf6 7. d3 O-O 8. fxg6
hxg6 9. Bg5 Na5 10. Qd2 a6 11. Bh6 Nxc4 12. dxc4 b5 13. Bxg7 Kxg7 14. Ng5 bxc4
15. O-O Bb7 16. Rf3 Bc6 17. Raf1 Rb8 18. Nd5 Bxd5 19. exd5 Qb6 20. Qe1 Rbd8 21.
Re3 Qxb2 22. c3 Qb7 23. Qh4 Rh8 24. Qxc4 Rdf8 25. Rd3 Qb5 26. Qxb5 axb5 27. Rb1
Rb8 28. g3 Rb7 29. c4 Ra8 30. Rdb3 Rxa2 31. Rxb5 Rxb5 32. cxb5 Nxd5 33. b6 Ra8
34. Rb5 Rb8 35. b7 Nb4 36. Rb6 Nd5 37. Rb5 Nc7 38. Rb6 Ne6 39. Nxe6+ fxe6 40.
h4 g5 41. Kf2 gxh4 42. gxh4 Kg6 43. Kf3 Kf5 44. Rb5 d5 45. h5 Kg5 46. h6 Kxh6
47. Kf4 Kg6 48. Ke5 Kf7 49. Rb1 c4 50. Rf1+ Ke8 51. Kxe6 Rxb7 52. Kxd5 Rc7 53.
Rc1 Kd7 54. Kd4 Kd6 0-1

[Event "Druga liga Srbije grupa Vojvodina 2015"]
[Site "Novi Sad"]
[Date "2015.11.13"]
[Round "4"]
[Board "6"]
[White "Mehandzic, Georgije"]
[Black "Cabarkapa, Velibor"]
[Result "0-1"]
[WhiteElo "2100"]
[BlackElo "2316"]
[PlyCount "42"]
[EventDate "2015.11.10"]
[EventType "team"]
[EventRounds "9"]
[EventCountry "SRB"]
[WhiteTeam "Hajduk 1973 Beska"]
[BlackTeam "Vojvodina Novi Sad"]

1. Nf3 Nf6 2. g3 d5 3. Bg2 c5 4. c3 Nc6 5. d3 h6 6. Qc2 Bf5 7. Nh4 Bh7 8. f4 e6
9. e4 c4 10. dxc4 Nxe4 11. f5 Be7 12. cxd5 exd5 13. Bxe4 dxe4 14. Qxe4 O-O 15.
O-O Re8 16. Qg4 Ne5 17. Qh5 Qb6+ 18. Kg2 Nd3 19. b3 Bxh4 20. Qxh4 Ne1+ 21. Kh1
Qc6+ 0-1

[Event "Druga liga Srbije grupa Vojvodina 2015"]
[Site "Novi Sad"]
[Date "2015.11.14"]
[Round "5"]
[Board "1"]
[White "Petakov, Uros"]
[Black "Kazakov, Mikhail"]
[Result "1/2-1/2"]
[WhiteElo "2335"]
[BlackElo "2488"]
[PlyCount "129"]
[EventDate "2015.11.10"]
[EventType "team"]
[EventRounds "9"]
[EventCountry "SRB"]
[WhiteTeam "Hajduk 1973 Beska"]
[BlackTeam "Naftagas Elemir"]

1. Nf3 d5 2. d4 Nf6 3. e3 c6 4. Nbd2 Bf5 5. Ne5 Nbd7 6. g4 Nxe5 7. gxf5 Ned7 8.
c4 g6 9. Bd3 gxf5 10. Bxf5 e6 11. Bd3 Bd6 12. e4 dxe4 13. Bxe4 Qc7 14. c5 Bf4
15. Qf3 Bxd2+ 16. Bxd2 Nxe4 17. Qxe4 Nf6 18. Qh4 Nd5 19. O-O-O b6 20. Rhg1 Qd7
21. Bg5 f6 22. Bh6 bxc5 23. Rg7 Qd6 24. Qh5+ Kd8 25. Qf7 Qe7 26. Qxe7+ Nxe7 27.
dxc5+ Ke8 28. Bf4 e5 29. Be3 h5 30. Rd6 Kf8 31. Rg3 Kf7 32. Rf3 Nd5 33. Rxc6
Rac8 34. Rd6 Rhd8 35. Rxd8 Rxd8 36. Bd2 Ke6 37. Rh3 Rh8 38. Ra3 Rh7 39. Ra6+
Kf5 40. Rd6 Ke4 41. b4 Kd4 42. c6 Kc4 43. Rd7 Rh8 44. Rxa7 Rc8 45. c7 Nxc7 46.
Ra3 Nb5 47. Rf3 Kd4+ 48. Kd1 Ra8 49. Rxf6 Rxa2 50. Rf8 Kc4 51. Rd8 Nd4 52. Be3
Kd3 53. b5 Ra1+ 54. Bc1 Rb1 55. Rd5 Ke4 56. Rd8 Kd3 57. Rd5 Rxb5 58. Rxb5 Nxb5
59. Ke1 Ke4 60. Bb2 Kf4 61. Ke2 e4 62. Bc1+ Kf5 63. Bb2 Kg4 64. Ke3 Kf5 65. f3
 1/2-1/2

[Event "Druga liga Srbije grupa Vojvodina 2015"]
[Site "Novi Sad"]
[Date "2015.11.14"]
[Round "5"]
[Board "2"]
[White "Ratkovic, Miloje"]
[Black "Kokeza, Mirko"]
[Result "1-0"]
[WhiteElo "2388"]
[BlackElo "2253"]
[PlyCount "61"]
[EventDate "2015.11.10"]
[EventType "team"]
[EventRounds "9"]
[EventCountry "SRB"]
[WhiteTeam "Naftagas Elemir"]
[BlackTeam "Hajduk 1973 Beska"]

1. d4 g6 2. Nf3 Bg7 3. e4 d6 4. Bd3 Bg4 5. c3 Nd7 6. Nbd2 c5 7. h3 Bxf3 8. Nxf3
cxd4 9. cxd4 Ngf6 10. O-O O-O 11. Re1 e6 12. a4 Re8 13. a5 a6 14. Be3 d5 15. e5
Ne4 16. Bxe4 dxe4 17. Nd2 b6 18. Nxe4 bxa5 19. Bd2 a4 20. Rxa4 Qb6 21. Ba5 Qa7
22. Nd6 Reb8 23. Ra3 Rxb2 24. Rc3 Bxe5 25. Rxe5 Nxe5 26. Rc7 Qb8 27. dxe5 Qb3
28. Qxb3 Rxb3 29. Nxf7 Rb5 30. Nh6+ Kh8 31. Bd2 1-0

[Event "Druga liga Srbije grupa Vojvodina 2015"]
[Site "Novi Sad"]
[Date "2015.11.14"]
[Round "5"]
[Board "3"]
[White "Majstorovic, Stanko"]
[Black "Leskur, Dejan"]
[Result "0-1"]
[WhiteElo "2218"]
[BlackElo "2376"]
[PlyCount "106"]
[EventDate "2015.11.10"]
[EventType "team"]
[EventRounds "9"]
[EventCountry "SRB"]
[WhiteTeam "Hajduk 1973 Beska"]
[BlackTeam "Naftagas Elemir"]

1. e4 g6 2. d4 Bg7 3. c3 d6 4. Bd3 Nf6 5. Ne2 O-O 6. O-O c5 7. d5 e6 8. c4 exd5
9. exd5 Nh5 10. Ng3 Nxg3 11. hxg3 Nd7 12. Nc3 Ne5 13. Be2 h5 14. Bf4 Bf5 15.
Qd2 Re8 16. Bg5 Qb6 17. Rfe1 a6 18. Rac1 Qb4 19. b3 Rab8 20. Bf1 Ng4 21. Be2 b5
22. Bxg4 hxg4 23. Bf4 Bf8 24. cxb5 axb5 25. Re3 Rec8 26. a4 c4 27. Ne4 Qxd2 28.
Nxd2 bxa4 29. bxc4 Ra8 30. Ra3 Ra6 31. Rca1 Rca8 32. f3 Bg7 33. R1a2 Re8 34.
Kf2 Ra7 35. fxg4 Bxg4 36. Nf3 Bxf3 37. Kxf3 Rb7 38. Bxd6 Rb3+ 39. Rxb3 axb3 40.
Rd2 b2 41. Rd1 Ra8 42. Re1 Bc3 43. Rb1 Ra1 44. Rxb2 Bxb2 45. Bf4 Ba3 46. Be3
Kf8 47. Ke4 Re1 48. Kd3 Ke7 49. Ba7 Kd6 50. Bb8+ Kd7 51. Ba7 Rd1+ 52. Kc3 f5
53. c5 Rxd5 0-1

[Event "Druga liga Srbije grupa Vojvodina 2015"]
[Site "Novi Sad"]
[Date "2015.11.14"]
[Round "5"]
[Board "4"]
[White "Popov, Sinisa S"]
[Black "Vukovic, Miroslav R"]
[Result "1-0"]
[WhiteElo "2443"]
[BlackElo "2157"]
[PlyCount "69"]
[EventDate "2015.11.10"]
[EventType "team"]
[EventRounds "9"]
[EventCountry "SRB"]
[WhiteTeam "Naftagas Elemir"]
[BlackTeam "Hajduk 1973 Beska"]

1. d4 d5 2. c4 c6 3. Nc3 Nf6 4. Nf3 dxc4 5. a4 Bf5 6. e3 e6 7. Bxc4 Bb4 8. Ne5
Nbd7 9. Nxd7 Qxd7 10. f3 O-O 11. e4 Bg6 12. O-O Rfd8 13. Be3 Ne8 14. Qb3 Qe7
15. Rad1 Ba5 16. Ne2 Nd6 17. Bd3 Bb6 18. Bb1 Rd7 19. Qc3 Rad8 20. Kh1 Kh8 21.
Bc2 Rc8 22. Nf4 Bc7 23. Nd3 Bb8 24. Ne5 Rdd8 25. Qe1 Ne8 26. f4 Bh5 27. Rd2 f6
28. Qh4 Bf7 29. Bb3 Bxe5 30. fxe5 Qb4 31. Bc2 Bg8 32. exf6 Rd7 33. e5 gxf6 34.
exf6 Nd6 35. f7 1-0

[Event "Druga liga Srbije grupa Vojvodina 2015"]
[Site "Novi Sad"]
[Date "2015.11.14"]
[Round "5"]
[Board "6"]
[White "Besedes, Danilo"]
[Black "Mehandzic, Georgije"]
[Result "0-1"]
[WhiteElo "2294"]
[BlackElo "2100"]
[PlyCount "76"]
[EventDate "2015.11.10"]
[EventType "team"]
[EventRounds "9"]
[EventCountry "SRB"]
[WhiteTeam "Naftagas Elemir"]
[BlackTeam "Hajduk 1973 Beska"]

1. d4 Nf6 2. Nc3 g6 3. Bf4 Bg7 4. Qd2 h6 5. e4 d6 6. Bd3 Nc6 7. Nf3 g5 8. Bg3
g4 9. Nh4 Nxd4 10. Nf5 Bxf5 11. exf5 Qd7 12. Qf4 c5 13. Bh4 h5 14. O-O O-O-O
15. Rfe1 Bh6 16. Bg5 Bxg5 17. Qxg5 h4 18. Ne2 Rdg8 19. Qe3 Nf3+ 20. gxf3 gxf3+
21. Ng3 hxg3 22. hxg3 Ng4 23. Qxf3 Ne5 24. Qg2 Rh5 25. Be4 Rgh8 26. Rad1 Ng4
27. Qf1 e6 28. Qd3 exf5 29. Bg2 R5h6 30. Qd5 f4 31. Qf3 fxg3 32. fxg3 Rf6 33.
Qa3 Qf5 34. Rf1 Qxc2 35. Qd3 Rxf1+ 36. Qxf1 Ne3 37. Rc1 Qd2 38. Bxb7+ Kb8 0-1

[Event "Druga liga Srbije grupa Vojvodina 2015"]
[Site "Novi Sad"]
[Date "2015.11.14"]
[Round "5"]
[Board "2"]
[White "Grujic, Zoran"]
[Black "Azaric, Slavko"]
[Result "1-0"]
[WhiteElo "2323"]
[BlackElo "2336"]
[PlyCount "43"]
[EventDate "2015.11.10"]
[EventType "team"]
[EventRounds "9"]
[EventCountry "SRB"]
[WhiteTeam "Vojvodina Novi Sad"]
[BlackTeam "Banovci Dunav"]

1. g3 g6 2. Bg2 Bg7 3. e4 d6 4. d4 Nd7 5. Nc3 c5 6. Nge2 cxd4 7. Nxd4 Ne5 8. h3
Bd7 9. O-O Rc8 10. a4 Qa5 11. Nd5 Nf6 12. c3 Nxd5 13. exd5 O-O 14. Re1 Rfe8 15.
f4 Nc4 16. Ra2 Qb6 17. Kh2 Bxd4 18. cxd4 Na5 19. Re3 Rc4 20. b3 Rb4 21. Bd2
Qxd4 22. Re4 1-0

[Event "Druga liga Srbije grupa Vojvodina 2015"]
[Site "Novi Sad"]
[Date "2015.11.14"]
[Round "5"]
[Board "3"]
[White "Sekulic, Dusan"]
[Black "Savanovic, Vuk"]
[Result "0-1"]
[WhiteElo "2259"]
[BlackElo "2279"]
[PlyCount "94"]
[EventDate "2015.11.10"]
[EventType "team"]
[EventRounds "9"]
[EventCountry "SRB"]
[WhiteTeam "Banovci Dunav"]
[BlackTeam "Vojvodina Novi Sad"]

1. d4 Nf6 2. Nf3 g6 3. c4 Bg7 4. g3 O-O 5. Bg2 d6 6. Nc3 Nbd7 7. O-O e5 8. Qc2
c6 9. Rd1 Re8 10. e4 Qb6 11. h3 exd4 12. Nxd4 a5 13. Be3 Qc7 14. Rac1 Nc5 15.
Ndb5 cxb5 16. Nxb5 Qe7 17. Nxd6 Ne6 18. e5 Nd7 19. Nxe8 Qxe8 20. f4 f6 21. c5
Ndf8 22. c6 Qf7 23. exf6 Bxf6 24. Qb3 bxc6 25. Bxc6 Ra6 26. Bd5 Bd7 27. Qb8 a4
28. Rc7 Rd6 29. Rb7 Be7 30. Bf3 Rxd1+ 31. Bxd1 Bc6 32. Rb6 Nd8 33. Rxc6 Nxc6
34. Qb5 Qe6 35. Bf2 Bf6 36. Qxa4 Qd6 37. Bb3+ Kg7 38. Qc4 Bd4 39. Qf7+ Kh6 40.
Bd5 Bxf2+ 41. Kxf2 Qc5+ 42. Kg2 Nd4 43. g4 Qb4 44. g5+ Kh5 45. Bf3+ Kh4 46. Bg4
Qd2+ 47. Kf1 Kg3 0-1

[Event "Druga liga Srbije grupa Vojvodina 2015"]
[Site "Novi Sad"]
[Date "2015.11.14"]
[Round "5"]
[Board "4"]
[White "Krejic, Igor"]
[Black "Mastrapovic, Vladimir"]
[Result "1/2-1/2"]
[WhiteElo "2226"]
[BlackElo "2288"]
[PlyCount "43"]
[EventDate "2015.11.10"]
[EventType "team"]
[EventRounds "9"]
[EventCountry "SRB"]
[WhiteTeam "Vojvodina Novi Sad"]
[BlackTeam "Banovci Dunav"]

1. e4 c5 2. c3 d6 3. d4 Nf6 4. f3 Qc7 5. Bd3 Nbd7 6. Ne2 b6 7. Be3 Bb7 8. O-O
g6 9. a4 Bg7 10. Qd2 O-O 11. Bh6 c4 12. Bc2 e5 13. Bxg7 Kxg7 14. Na3 a6 15. b4
cxb3 16. Bxb3 Rac8 17. Rac1 d5 18. exd5 Nxd5 19. Rfd1 Rcd8 20. Qa2 Ne3 21. Re1
Rde8 22. Ng3 1/2-1/2

[Event "Druga liga Srbije grupa Vojvodina 2015"]
[Site "Novi Sad"]
[Date "2015.11.14"]
[Round "5"]
[Board "6"]
[White "Cabarkapa, Velibor"]
[Black "Stankovic, Milos M"]
[Result "1-0"]
[WhiteElo "2316"]
[BlackElo "1823"]
[PlyCount "43"]
[EventDate "2015.11.10"]
[EventType "team"]
[EventRounds "9"]
[EventCountry "SRB"]
[WhiteTeam "Vojvodina Novi Sad"]
[BlackTeam "Banovci Dunav"]

1. e4 e5 2. Nf3 Nc6 3. Nc3 Nf6 4. g3 d6 5. h3 Be7 6. Bg2 O-O 7. O-O h6 8. d4
Nh7 9. Nd5 Re8 10. Nxe7+ Qxe7 11. c3 Nf8 12. Re1 Ng6 13. a3 a5 14. b3 Qf8 15.
c4 f5 16. exf5 Qxf5 17. Bb2 Rf8 18. Re2 exd4 19. Nxd4 Nxd4 20. Qxd4 Qd7 21.
Bd5+ Kh8 22. Be6 1-0

[Event "Druga liga Srbije grupa Vojvodina 2015"]
[Site "Novi Sad"]
[Date "2015.11.14"]
[Round "5"]
[Board "1"]
[White "Mladenovic, Dusan"]
[Black "Jacimovic, Dragoljub"]
[Result "0-1"]
[WhiteElo "2104"]
[BlackElo "2409"]
[PlyCount "130"]
[EventDate "2015.11.10"]
[EventType "team"]
[EventRounds "9"]
[EventCountry "SRB"]
[WhiteTeam "Kraljica Petrovaradin"]
[BlackTeam "Omladinac Novi Banovci"]

1. d4 e6 2. c4 b6 3. Nf3 Bb7 4. e3 Nf6 5. Be2 Bb4+ 6. Bd2 a5 7. O-O O-O 8. Nc3
d6 9. b3 Nbd7 10. a3 Bxc3 11. Bxc3 Qe7 12. Nd2 d5 13. cxd5 exd5 14. Bb2 Rfc8
15. Rc1 c6 16. Bd3 Ba6 17. Bxa6 Rxa6 18. Re1 Raa8 19. f3 a4 20. e4 Qe6 21. bxa4
Nf8 22. exd5 Qxd5 23. Nc4 N8d7 24. Ne3 Qa5 25. Qd3 Nd5 26. Nc4 Qxa4 27. Nd6 Rf8
28. Rc4 Qa6 29. Qf5 b5 30. Rc2 Rad8 31. Qd3 N7f6 32. Ne4 Rc8 33. Rec1 Rfd8 34.
Nc5 Qa7 35. g3 h6 36. Kg2 Re8 37. Ne4 Re6 38. Nxf6+ Rxf6 39. Re2 Qd7 40. Rce1
Rg6 41. Bc1 Rd6 42. Qc2 Rf8 43. Re5 Rf6 44. R5e4 Re6 45. Rxe6 fxe6 46. Qc5 Rf5
47. Qc2 Nf6 48. Re5 Rxe5 49. dxe5 Nd5 50. Qc5 Kf7 51. f4 Ne7 52. Qc3 Qd5+ 53.
Kh3 Qd1 54. Kg2 Qe2+ 55. Kg1 h5 56. Qe3 Qd1+ 57. Kg2 Qd5+ 58. Kh3 Qh1 59. Qd2
Qf1+ 60. Kh4 Qf3 61. Kh3 Qf1+ 62. Kh4 Kg6 63. g4 hxg4 64. Kxg4 Nf5 65. Qd8 Qg2#
 0-1

[Event "Druga liga Srbije grupa Vojvodina 2015"]
[Site "Novi Sad"]
[Date "2015.11.14"]
[Round "5"]
[Board "3"]
[White "Parezanin, Darko"]
[Black "Dimitrijevic, Nenad"]
[Result "1/2-1/2"]
[WhiteElo "2290"]
[BlackElo "2166"]
[PlyCount "44"]
[EventDate "2015.11.10"]
[EventType "team"]
[EventRounds "9"]
[EventCountry "SRB"]
[WhiteTeam "Kraljica Petrovaradin"]
[BlackTeam "Omladinac Novi Banovci"]

1. c4 d6 2. Nc3 Nf6 3. g3 g6 4. Bg2 Bg7 5. e3 O-O 6. Nge2 e5 7. b4 c6 8. b5 Be6
9. Qa4 d5 10. cxd5 cxd5 11. Ba3 Re8 12. d4 e4 13. O-O Nbd7 14. Qb3 Nb6 15. Rfc1
Nc4 16. Rc2 Bh6 17. Na4 b6 18. Nb2 Nxa3 19. Qxa3 Qd7 20. Qb3 Rac8 21. Rac1 Rxc2
22. Rxc2 Rc8 1/2-1/2

[Event "Druga liga Srbije grupa Vojvodina 2015"]
[Site "Novi Sad"]
[Date "2015.11.14"]
[Round "5"]
[Board "4"]
[White "Radlovacki, Jovan"]
[Black "Desnica, Vladan"]
[Result "1/2-1/2"]
[WhiteElo "2381"]
[BlackElo "2269"]
[PlyCount "84"]
[EventDate "2015.11.10"]
[EventType "team"]
[EventRounds "9"]
[EventCountry "SRB"]
[WhiteTeam "Omladinac Novi Banovci"]
[BlackTeam "Kraljica Petrovaradin"]

1. d4 Nf6 2. Bf4 e6 3. e3 b6 4. Nf3 Bb7 5. Be2 c5 6. Nc3 a6 7. dxc5 bxc5 8. O-O
d5 9. Na4 Be7 10. c4 O-O 11. Ne5 Nbd7 12. Nxd7 Nxd7 13. Qb3 Bc6 14. cxd5 exd5
15. Bf3 c4 16. Qc2 Rc8 17. Rfd1 Qa5 18. Nc3 Nf6 19. Be5 Rfd8 20. Qf5 Bd7 21.
Qg5 h6 22. Qg3 Be6 23. Ne2 Qb6 24. Nf4 Kh7 25. Rd2 g5 26. Nxe6 Qxe6 27. Rad1
Ne4 28. Bxe4+ dxe4 29. Bc3 Rd3 30. h3 Kg6 31. Qg4 f5 32. Qe2 Rcd8 33. Rc1 Qd5
34. Rdc2 Rd1+ 35. Rxd1 Qxd1+ 36. Qxd1 Rxd1+ 37. Kh2 Bd6+ 38. g3 f4 39. exf4
gxf4 40. gxf4 Bxf4+ 41. Kg2 Kf5 42. Bg7 Rd6 1/2-1/2

[Event "Druga liga Srbije grupa Vojvodina 2015"]
[Site "Novi Sad"]
[Date "2015.11.14"]
[Round "5"]
[Board "5"]
[White "Banovic, Ivan"]
[Black "Marinovic, Bozidar"]
[Result "1/2-1/2"]
[WhiteElo "2185"]
[BlackElo "2391"]
[PlyCount "22"]
[EventDate "2015.11.10"]
[EventType "team"]
[EventRounds "9"]
[EventCountry "SRB"]
[WhiteTeam "Kraljica Petrovaradin"]
[BlackTeam "Omladinac Novi Banovci"]

1. d4 c5 2. d5 e5 3. e4 d6 4. Nf3 Be7 5. Nc3 a6 6. a4 Bg4 7. Be2 Bxf3 8. Bxf3
Bg5 9. O-O Nh6 10. g3 O-O 11. Bg2 Bxc1 1/2-1/2

[Event "Druga liga Srbije grupa Vojvodina 2015"]
[Site "Novi Sad"]
[Date "2015.11.14"]
[Round "5"]
[Board "6"]
[White "Drazic, Sinisa"]
[Black "Topalov, Aleksandar"]
[Result "1-0"]
[WhiteElo "2426"]
[BlackElo "2251"]
[PlyCount "107"]
[EventDate "2015.11.10"]
[EventType "team"]
[EventRounds "9"]
[EventCountry "SRB"]
[WhiteTeam "Omladinac Novi Banovci"]
[BlackTeam "Kraljica Petrovaradin"]

1. d4 Nf6 2. c4 g6 3. Nc3 Bg7 4. Nf3 c5 5. g3 O-O 6. Bg2 Nc6 7. d5 Na5 8. Nd2
d6 9. O-O e6 10. Qc2 exd5 11. cxd5 Bd7 12. b3 b5 13. Bb2 Rc8 14. Nce4 Bf5 15.
Bxf6 Bxf6 16. Nxf6+ Qxf6 17. e4 Bd7 18. Rfe1 Rfe8 19. Rac1 g5 20. Nf1 c4 21. b4
Nb7 22. Qd2 g4 23. Ne3 a5 24. a3 axb4 25. axb4 Ra8 26. Rc3 Ra4 27. Nc2 Ra2 28.
f4 gxf3 29. Rxf3 Qe5 30. Rf2 Kg7 31. Ref1 Nd8 32. Qe3 h6 33. Qb6 Rb2 34. Qa7
Qe7 35. h3 Rb3 36. g4 Rb2 37. Qa3 Rb3 38. Qa1+ Qe5 39. Qa7 Qe7 40. Rf4 Rb2 41.
R1f2 Rb1+ 42. Bf1 Bc8 43. Qa2 Rb3 44. Qa5 h5 45. Qxb5 hxg4 46. Qxc4 Rg3+ 47.
Kh2 Qh4 48. Qd4+ Re5 49. Bg2 Rxh3+ 50. Kg1 Rh2 51. Ne3 Kg8 52. Nf1 Rh5 53. Nxh2
Qxh2+ 54. Kf1 1-0

[Event "Druga liga Srbije grupa Vojvodina 2015"]
[Site "Novi Sad"]
[Date "2015.11.14"]
[Round "5"]
[Board "1"]
[White "Milanovic, Stanko"]
[Black "Almasi, Istvan"]
[Result "0-1"]
[WhiteElo "2178"]
[BlackElo "2433"]
[PlyCount "106"]
[EventDate "2015.11.10"]
[EventType "team"]
[EventRounds "9"]
[EventCountry "SRB"]
[WhiteTeam "Bora Ivkov B.N. Selo"]
[BlackTeam "Somborski sahovski klub"]

1. e4 c5 2. d4 cxd4 3. c3 Nf6 4. e5 Nd5 5. cxd4 d6 6. exd6 Qxd6 7. Nf3 g6 8.
Nc3 Bg7 9. Bc4 Nb6 10. Bb3 O-O 11. O-O Nc6 12. Nb5 Qd8 13. Bf4 Bg4 14. h3 Bxf3
15. Qxf3 Qd7 16. Rad1 Na5 17. Nc7 Nxb3 18. Qxb3 Rac8 19. Nb5 Qd5 20. Nc3 Qxb3
21. axb3 Rfd8 22. Rfe1 Rxd4 23. Rxd4 Bxd4 24. Rxe7 Bxc3 25. bxc3 Nd5 26. Re4 f5
27. Rd4 Nxf4 28. Rxf4 Rxc3 29. Rb4 b6 30. Kf1 Kf7 31. Ke2 Rc2+ 32. Ke3 Ke6 33.
h4 Kd5 34. Rd4+ Kc6 35. b4 b5 36. h5 Rc4 37. h6 Rxd4 38. Kxd4 Kb6 39. Ke5 a5
40. bxa5+ Kxa5 41. Kf6 b4 42. Kg7 b3 43. Kxh7 b2 44. Kg7 b1=Q 45. h7 Qb2+ 46.
Kg8 Qb8+ 47. Kg7 Qb7+ 48. Kg8 Qxg2 49. h8=Q Qa8+ 50. Kh7 Qxh8+ 51. Kxh8 g5 52.
Kg7 g4 53. Kf6 f4 0-1

[Event "Druga liga Srbije grupa Vojvodina 2015"]
[Site "Novi Sad"]
[Date "2015.11.14"]
[Round "5"]
[Board "2"]
[White "Tancik, Kristijan"]
[Black "Vasic, Lazar"]
[Result "1/2-1/2"]
[WhiteElo "2272"]
[BlackElo "2059"]
[PlyCount "76"]
[EventDate "2015.11.10"]
[EventType "team"]
[EventRounds "9"]
[EventCountry "SRB"]
[WhiteTeam "Somborski sahovski klub"]
[BlackTeam "Bora Ivkov B.N. Selo"]

1. d4 Nf6 2. c4 e6 3. Nf3 d5 4. g3 Be7 5. Bg2 O-O 6. O-O Nbd7 7. Qc2 a6 8. cxd5
exd5 9. Bf4 c6 10. Nc3 Re8 11. Rfe1 Bb4 12. a3 Ba5 13. b4 Bc7 14. Bxc7 Qxc7 15.
a4 Ne4 16. Nxd5 Qd6 17. Nc3 Ndf6 18. Nxe4 Rxe4 19. Qc5 Qd8 20. e3 Nd7 21. Qc2
Re7 22. Rec1 Nb6 23. Ne5 f6 24. Nc4 Nd5 25. b5 Be6 26. bxc6 bxc6 27. a5 Rb8 28.
Bf1 Nb4 29. Qa4 Bxc4 30. Rxc4 Qd6 31. Rb1 Reb7 32. Rc5 g6 33. Qd1 Kg7 34. Qf3
Ra7 35. h4 Rab7 36. Qf4 Qe6 37. Bc4 Qe7 38. Kh2 Ra8 1/2-1/2

[Event "Druga liga Srbije grupa Vojvodina 2015"]
[Site "Novi Sad"]
[Date "2015.11.14"]
[Round "5"]
[Board "3"]
[White "Mik, Aurel"]
[Black "Bulajic, Ratko"]
[Result "1/2-1/2"]
[WhiteElo "2062"]
[BlackElo "2325"]
[PlyCount "35"]
[EventDate "2015.11.10"]
[EventType "team"]
[EventRounds "9"]
[EventCountry "SRB"]
[WhiteTeam "Bora Ivkov B.N. Selo"]
[BlackTeam "Somborski sahovski klub"]

1. e4 c5 2. Nc3 a6 3. a4 e6 4. Nf3 Nc6 5. d4 cxd4 6. Nxd4 Qc7 7. Be2 Nf6 8. Bf3
Bc5 9. Nxc6 bxc6 10. O-O d5 11. Bg5 Be7 12. exd5 cxd5 13. Bxd5 exd5 14. Nxd5
Qc6 15. Re1 Kf8 16. Qe2 Bb7 17. Qxe7+ Kg8 18. Rad1 1/2-1/2

[Event "Druga liga Srbije grupa Vojvodina 2015"]
[Site "Novi Sad"]
[Date "2015.11.14"]
[Round "5"]
[Board "4"]
[White "Tokovic, Svetozar"]
[Black "Zegarac, Vuk"]
[Result "1/2-1/2"]
[WhiteElo "2254"]
[BlackElo "2143"]
[PlyCount "55"]
[EventDate "2015.11.10"]
[EventType "team"]
[EventRounds "9"]
[EventCountry "SRB"]
[WhiteTeam "Somborski sahovski klub"]
[BlackTeam "Bora Ivkov B.N. Selo"]

1. e4 c5 2. Nf3 e6 3. d4 cxd4 4. Nxd4 Nf6 5. Nc3 Nc6 6. a3 Be7 7. Be3 O-O 8.
Be2 d6 9. O-O e5 10. Nb3 Be6 11. Qd3 a6 12. Rad1 Qc7 13. f3 b5 14. Nd5 Bxd5 15.
exd5 Na5 16. Nxa5 Qxa5 17. b4 Qc7 18. Rc1 a5 19. Qb3 axb4 20. axb4 Qb7 21. c4
bxc4 22. Bxc4 Bd8 23. f4 Ng4 24. Kh1 Nxe3 25. Qxe3 exf4 26. Qxf4 Qxb4 27. Rb1
Qc5 28. Bd3 1/2-1/2

[Event "Druga liga Srbije grupa Vojvodina 2015"]
[Site "Novi Sad"]
[Date "2015.11.14"]
[Round "5"]
[Board "6"]
[White "Roganovic, Nebojsa"]
[Black "Biberja, Kristijan"]
[Result "1/2-1/2"]
[WhiteElo "2208"]
[BlackElo "2001"]
[PlyCount "36"]
[EventDate "2015.11.10"]
[EventType "team"]
[EventRounds "9"]
[EventCountry "SRB"]
[WhiteTeam "Somborski sahovski klub"]
[BlackTeam "Bora Ivkov B.N. Selo"]

1. e4 e6 2. d4 d5 3. Nd2 c5 4. Ngf3 Nc6 5. exd5 exd5 6. dxc5 Bxc5 7. Nb3 Be7 8.
Nfd4 Nf6 9. h3 O-O 10. Bd3 Nxd4 11. Nxd4 Bc5 12. c3 Re8+ 13. Be3 Qb6 14. Qd2
Bxd4 15. cxd4 Bd7 16. O-O Bb5 17. Rfc1 Bxd3 18. Qxd3 Rac8 1/2-1/2

[Event "Druga liga Srbije grupa Vojvodina 2015"]
[Site "Novi Sad"]
[Date "2015.11.14"]
[Round "5"]
[Board "1"]
[White "Pezelj, Novak"]
[Black "Indjic, Dusan"]
[Result "1-0"]
[WhiteElo "2420"]
[BlackElo "2281"]
[PlyCount "109"]
[EventDate "2015.11.10"]
[EventType "team"]
[EventRounds "9"]
[EventCountry "SRB"]
[WhiteTeam "Backa Pacir"]
[BlackTeam "Stara Pazova"]

1. e4 e6 2. d4 d5 3. Nc3 Bb4 4. exd5 exd5 5. Bd3 Nf6 6. Nge2 O-O 7. O-O Bg4 8.
Bg5 c6 9. Qc1 Nbd7 10. Ng3 Bd6 11. f3 Bxg3 12. hxg3 Bh5 13. Qf4 Bg6 14. Bxg6
fxg6 15. Qd2 Qb6 16. b3 h6 17. Na4 Qd8 18. Be3 Nh5 19. Bf2 Qc7 20. g4 Nf4 21.
Rae1 Rae8 22. Bg3 g5 23. Nb2 Ne2+ 24. Qxe2 Qxg3 25. Qxe8 Rxe8 26. Rxe8+ Kf7 27.
Rfe1 Nf6 28. R8e7+ Kf8 29. Nd3 h5 30. gxh5 g4 31. R7e3 gxf3 32. Rxf3 Qh4 33. c3
Qxh5 34. Rh3 Qf5 35. Rh8+ Kf7 36. Re3 Qg5 37. Rhh3 Ne4 38. Nf2 Nf6 39. Rhg3 Qf5
40. Nd3 Kg8 41. Ref3 Qe6 42. Ne5 c5 43. Rg6 cxd4 44. cxd4 Qb6 45. Rf4 Qb4 46.
Nf3 Ne4 47. Rfg4 Qe7 48. Ne5 Nc3 49. Kf2 Qf8+ 50. Ke3 Nxa2 51. Rf4 Qb4 52. Re6
Qe1+ 53. Kf3 Nc3 54. Rf8+ Kxf8 55. Nd7+ 1-0